000 00552nam a2200205Ia 4500
001 8383
003 GE_BSU
008 181216s||||||||xx |||||||||||||| ||und||
040 _cGE_BSU
080 _a821.353.1-92
100 _aეკალაძე,ია
245 _aკრებული
245 _cრედ.გ.ნატროშვილი
260 _aთბილისი
260 _bსაბჭოთა მწერალი
260 _c1949
300 _a296გვ.21სმ.
653 _aკრებული
942 _cBK
999 _c41706
_d41706